| 000 | 00885cab a2200253 4500 | ||
|---|---|---|---|
| 001 | ABS56156 | ||
| 008 | 090401t1996 xxu||||| |||| 00| 0 eng d | ||
| 035 | _a(Sirsi) u21629 | ||
| 041 | _aeng | ||
| 100 | _aValentine, D.G. | ||
| 245 | 4 | _aThe New Engineering Contract: Part 1 - a new language | |
| 260 | _c1996 | ||
| 350 | _a0 | ||
| 490 |
_aConstruction Law Journal _v[1996] 12 Const.L.J. 5, 305-312(5) |
||
| 520 | _aFirst in a series of three articles on major defects in the NEC. This article considers how the NEC lacks easily comprehensible language (ECL), has confusing definitions and poor numbering of clauses. | ||
| 650 | _aEASILY COMPREHENSIBLE LANGUAGE | ||
| 650 | _aLANGUAGE | ||
| 650 | _aNEW ENGINEERING CONTRACT | ||
| 650 | _aNUMBERING | ||
| 650 | _aTERMINOLOGY | ||
| 690 | _aBUILT ENVIRONMENT-BUILDING CONTRACT FORMS | ||
| 942 | _n0 | ||
| 948 | _c04/03/1997 | ||
| 999 |
_c14509 _d14509 |
||